00271nam a2200121Ia 45000030006000000080041000060400015000471000010000622450039000722600009001115460012001200050017001320STCL150530s9999 xx 000 0 und d aSTCLcSTCL aFrost aPocket book of Robert Frosts poems c1960 aEnglish20220125171337.0